[Event "Titled Tuesday intern op 08th Aug Late"]
[Site "Chess.com INT"]
[Date "2023.08.08"]
[Round "9"]
[White "Kohler, Aran"]
[Black "Suarez Pousa, Diego"]
[Result "0-1"]
[WhiteElo "2011"]
[BlackElo "2386"]
[PlyCount "196"]
[EventDate "2023.08.08"]
[EventType "swiss (blitz)"]
[EventRounds "11"]
[EventCountry "USA"]
[SourceTitle "EXT 2024"]
[Source "ChessBase"]
[SourceDate "2023.10.10"]
[SourceVersion "1"]
[SourceVersionDate "2023.10.10"]
[SourceQuality "1"]

1. d4 Nf6 2. Nf3 e6 3. c3 b6 4. Bg5 Bb7 5. Nbd2 Be7 6. e3 d6 7. Bd3 Nbd7 8. Qe2 a5 9. e4 e5 10. dxe5 Nxe5 11. Nxe5 dxe5 12. Nc4 Nd7 13. Bxe7 Qxe7 14. 0-0 Nc5 15. Bc2 Ba6 16. b3 0-0 17. Rfd1 Rad8 18. Rd5 c6 19. Rxd8 Rxd8 20. h3 Qe6 21. Rd1 Re8 22. Bd3 h6 23. Nxe5 Nxd3 24. Nxd3 Qxe4 25. Qxe4 Rxe4 26. c4 Re2 27. Nc1 Rc2 28. a4 Kh7 29. g4 Rc3 30. Kg2 Bc8 31. f3 Be6 32. Kf2 g5 33. Ke2 Rc2+ 34. Ke3 Kg7 35. Ne2 Rb2 36. Rd3 b5 37. cxb5 cxb5 38. axb5 Bxb3 39. Nc3 Bc4 40. Rd4 Bxb5 41. Nxb5 Rxb5 42. Ra4 Kf6 43. f4 Rb3+ 44. Kf2 Rxh3 45. Rxa5 Re3 46. fxg5+ hxg5 47. Rf5+ Kg6 48. Kg2 Re4 49. Kg3 Re6 50. Ra5 Rb6 51. Rc5 f6 52. Kg2 Kf7 53. Kg3 Ke6 54. Rf5 Rd6 55. Kg2 Rd5 56. Rf3 Rd4 57. Kg3 Ke5 58. Re3+ Re4 59. Rf3 Ke6 60. Ra3 Kf7 61. Ra7+ Kg6 62. Ra6 Re3+ 63. Kg2 Rc3 64. Rb6 Rd3 65. Rc6 Kf7 66. Rb6 Ke7 67. Ra6 Rd6 68. Ra7+ Ke6 69. Ra5 Rd5 70. Ra6+ Ke5 71. Kf3 Rd3+ 72. Kg2 Re3 73. Rb6 Kf4 74. Rxf6+ Kxg4 75. Ra6 Re2+ 76. Kf1 Rc2 77. Ra3 Kh4 78. Kg1 g4 79. Kf1 Rh2 80. Kg1 Rh3 81. Ra8 Rc3 82. Rh8+ Kg3 83. Kf1 Rc1+ 84. Ke2 Rc2+ 85. Kf1 Rf2+ 86. Kg1 Ra2 87. Kf1 Ra1+ 88. Ke2 Kg2 89. Rh7 g3 90. Rh8 Ra5 91. Rh7 Re5+ 92. Kd3 Kf3 93. Rf7+ Kg4 94. Rg7+ Rg5 95. Rxg5+ Kxg5 96. Ke3 Kh4 97. Ke2 Kh3 98. Kf1 Kh2 0-1

[Event "ESP-chT CECLUB Div2"]
[Site "Linares"]
[Date "2018.08.16"]
[Round "4.4"]
[White "Suarez Pousa, Diego"]
[Black "Adla, Diego Gustavo"]
[Result "0-1"]
[WhiteElo "2398"]
[BlackElo "2410"]
[PlyCount "106"]
[EventDate "2018.08.14"]
[EventType "team-swiss"]
[EventRounds "7"]
[EventCountry "ESP"]
[SourceTitle "CBM 186 Extra"]
[Source "ChessBase"]
[SourceDate "2018.08.24"]
[SourceVersion "1"]
[SourceVersionDate "2018.08.24"]
[SourceQuality "1"]
[WhiteTeam "USC"]
[BlackTeam "Casablanca Stadium"]
[WhiteTeamCountry "ESP"]
[BlackTeamCountry "ESP"]

1. e4 e5 2. Nf3 Nc6 3. Bb5 a6 4. Ba4 Nf6 5. d3 b5 6. Bb3 Bc5 7. c3 d6 8. Nbd2 0-0 9. Nf1 d5 10. Qe2 d4 11. cxd4 Nxd4 12. Nxd4 Qxd4 13. h3 Rd8 14. Bc2 Bb4+ 15. Nd2 Bb7 16. Qe3 Qxe3+ 17. fxe3 c5 18. a3 Bxd2+ 19. Bxd2 c4 20. dxc4 Bxe4 21. Rc1 bxc4 22. Bc3 Rd5 23. 0-0 Bxc2 24. Rxc2 Ne4 25. Rb1 a5 26. Be1 Nd6 27. e4 Rd4 28. Bf2 Rd3 29. Rbc1 Rc8 30. Be1 a4 31. Bb4 Nxe4 32. Rxc4 Rxc4 33. Rxc4 f5 34. Kf1 Kf7 35. Rc7+ Kf6 36. Bf8 g6 37. Bg7+ Ke6 38. Ra7 f4 39. Rxa4 Re3 40. Ra6+ Kf5 41. Ra5 Ng3+ 42. Kf2 g5 43. a4 h5 44. Rxe5+ Rxe5 45. Bxe5 Kxe5 46. a5 Ne4+ 47. Ke2 Nd6 48. Kd3 g4 49. hxg4 hxg4 50. a6 Nb5 51. Kc4 f3 52. gxf3 gxf3 53. Kxb5 f2 0-1

[Event "ESP-chT CECLUB Div2"]
[Site "Linares"]
[Date "2016.08.18"]
[Round "4"]
[White "Suarez Pousa, Diego"]
[Black "Garcia Moreno, Carlos"]
[Result "1-0"]
[WhiteElo "2375"]
[BlackElo "2285"]
[PlyCount "99"]
[EventDate "2016.08.16"]
[EventType "team"]
[EventRounds "6"]
[EventCountry "ESP"]
[SourceTitle "CBM 174 Extra"]
[Source "ChessBase"]
[SourceDate "2016.10.10"]
[SourceVersion "1"]
[SourceVersionDate "2016.10.10"]
[SourceQuality "1"]
[WhiteTeam "USC"]
[BlackTeam "Tomelloso"]
[WhiteTeamCountry "ESP"]
[BlackTeamCountry "ESP"]

1. e4 e5 2. Nf3 Nc6 3. Bb5 a6 4. Ba4 Nf6 5. d3 b5 6. Bb3 Be7 7. c3 d6 8. Nbd2 0-0 9. Nf1 Na5 10. Bc2 c5 11. Ne3 Nc6 12. 0-0 Re8 13. a4 Rb8 14. axb5 axb5 15. Nd5 h6 16. Nxe7+ Qxe7 17. h3 Qc7 18. Nh4 d5 19. Qf3 Qd6 20. Nf5 Bxf5 21. Qxf5 Ne7 22. Qf3 Ra8 23. Rxa8 Rxa8 24. exd5 Qxd5 25. Qxd5 Nfxd5 26. Bb3 Nf4 27. Bxf4 exf4 28. Re1 Ng6 29. Kf1 Kf8 30. Bd5 Rb8 31. Ra1 Ne5 32. Ke2 Rd8 33. Ra8 Rxa8 34. Bxa8 Ke7 35. d4 cxd4 36. cxd4 Nc4 37. Bc6 Nd6 38. Bd5 f6 39. Bc6 Kd8 40. Kf3 Kc7 41. d5 Kb6 42. b4 Nf5 43. Bd7 Nd4+ 44. Ke4 Nc2 45. Kf5 Nxb4 46. d6 Kc5 47. Ke6 Nc2 48. Ke7 Nd4 49. Bg4 f5 50. Bf3 1-0

[Event "ESP-chT CECLUB Div2 Gp1"]
[Site "Padron"]
[Date "2011.08.10"]
[Round "1"]
[White "Adla, Diego Gustavo"]
[Black "Suarez Pousa, Diego"]
[Result "0-1"]
[WhiteElo "2509"]
[BlackElo "2463"]
[PlyCount "80"]
[EventDate "2011.08.10"]
[EventType "team-swiss"]
[EventRounds "6"]
[EventCountry "ESP"]
[SourceTitle "CBM 143 Extra"]
[Source "ChessBase"]
[SourceDate "2011.08.29"]
[SourceVersion "1"]
[SourceVersionDate "2011.08.29"]
[SourceQuality "1"]
[WhiteTeam "Stadium Casablanca"]
[BlackTeam "USC"]
[WhiteTeamCountry "ESP"]
[BlackTeamCountry "ESP"]

1. d4 Nf6 2. c4 e6 3. Nc3 Bb4 4. Qc2 c5 5. dxc5 Na6 6. a3 Bxc3+ 7. Qxc3 Nxc5 8. f3 0-0 9. b4 Na4 10. Qb3 b5 11. cxb5 Nb6 12. e4 e5 13. Bd3 d5 14. exd5 Bb7 15. Ne2 Bxd5 16. Qb1 Bc4 17. Bxc4 Nxc4 18. 0-0 Rc8 19. a4 Qb6+ 20. Kh1 Rfd8 21. Ng3 Nd5 22. Re1 Qf2 23. Re2 Qd4 24. Bb2 Qf4 25. Qe1 Nxb2 26. Rxb2 Ne3 27. Qg1 Rd3 28. Re1 h5 29. Rbe2 Nc2 30. Rc1 Rdc3 31. Ne4 R3c7 32. Rf1 Nd4 33. Ree1 Rc2 34. Qe3 Qh4 35. Qg5 Nxf3 36. Qxh4 Nxh4 37. Nd6 Rd8 38. Nxf7 Rdd2 39. Rxe5 Rf2 40. Rfe1 Rxg2 0-1

[Event "ESP-ch Autonomicas"]
[Site "Gijon"]
[Date "2011.05.01"]
[Round "5.1"]
[White "Alsina Leal, Daniel"]
[Black "Suarez Pousa, Diego"]
[Result "0-1"]
[WhiteElo "2538"]
[BlackElo "2455"]
[PlyCount "158"]
[EventDate "2011.04.29"]
[EventType "team-swiss"]
[EventRounds "6"]
[EventCountry "ESP"]
[SourceTitle "CBM 142 Extra"]
[Source "ChessBase"]
[SourceDate "2011.06.27"]
[SourceVersion "1"]
[SourceVersionDate "2011.06.27"]
[SourceQuality "1"]
[WhiteTeam "Catalunya"]
[BlackTeam "Galicia"]
[WhiteTeamCountry "ESP"]
[BlackTeamCountry "ESP"]

1. e4 e5 2. Nf3 Nc6 3. Bb5 a6 4. Ba4 Nf6 5. 0-0 Be7 6. Re1 b5 7. Bb3 d6 8. c3 0-0 9. h3 a5 10. d4 a4 11. Bc2 Rb8 12. Nbd2 Re8 13. d5 Na5 14. b4 axb3 15. axb3 c5 16. b4 Nb7 17. Nf1 Bd7 18. Be3 Qc7 19. Qe2 Ra8 20. Bd3 c4 21. Bc2 h6 22. Ng3 Bf8 23. Qd2 Kh7 24. Nh4 Ng8 25. Rf1 Qd8 26. Nf3 g6 27. Nh2 Qh4 28. Ba7 Qf4 29. Be3 Qh4 30. Nf3 Qe7 31. Kh2 Bg7 32. Ng1 Qf8 33. N1e2 Rxa1 34. Rxa1 Ra8 35. Qc1 Qb8 36. Ra3 Ne7 37. f3 h5 38. Qa1 Rxa3 39. Qxa3 Bh6 40. Bf2 Kg8 41. Qa6 Kf8 42. Nf1 Nc8 43. g4 hxg4 44. hxg4 Bg5 45. Ng1 Bf4+ 46. Kg2 f6 47. Nh3 Bh6 48. Ne3 Nd8 49. Qa1 Nf7 50. Kf1 Ng5 51. Nxg5 Bxg5 52. Ke2 Qb7 53. Qa5 Ke7 54. Nf1 Bf4 55. Nd2 Bg5 56. Qa1 Kf7 57. Nf1 Bf4 58. Ne3 Bg5 59. Ng2 Ne7 60. Qa5 Qb8 61. Bd1 Ke8 62. Ke1 Kf7 63. Be2 Ke8 64. Bg3 Kf7 65. Bf2 Ke8 66. Bf1 f5 67. gxf5 gxf5 68. Be2 Kf7 69. Ne3 fxe4 70. fxe4 Qh8 71. Qc7 Qh1+ 72. Nf1 Bh3 73. Qxd6 Qxe4 74. Bg3 Bf4 75. Bh4 Nxd5 76. Qb8 Bg4 77. Qb7+ Kg6 78. Qc6+ Kh5 79. Ne3 Qxe3 0-1

[Event "ESP-chT Autonomicas 5th"]
[Site "Tossa de Mar"]
[Date "2010.05.02"]
[Round "6.24"]
[White "Suarez Pousa, Diego"]
[Black "Gallardo Garcia, Andres"]
[Result "1/2-1/2"]
[WhiteElo "2419"]
[BlackElo "2412"]
[PlyCount "90"]
[EventDate "2010.04.29"]
[EventType "team-swiss"]
[EventRounds "6"]
[EventCountry "ESP"]
[SourceTitle "CBM 136 Extra"]
[Source "ChessBase"]
[SourceDate "2010.07.02"]
[SourceVersion "2"]
[SourceVersionDate "2010.07.15"]
[SourceQuality "1"]
[WhiteTeam "Galicia"]
[BlackTeam "Madrid"]
[WhiteTeamCountry "ESP"]
[BlackTeamCountry "ESP"]

1. e4 c5 2. Nc3 Nc6 3. Nf3 d6 4. d4 cxd4 5. Nxd4 Nf6 6. Bc4 Qb6 7. Nb3 e6 8. Bf4 Ne5 9. Be2 Be7 10. Be3 Qc7 11. f4 Nc6 12. 0-0 a6 13. a4 b6 14. Bf3 0-0 15. g4 Re8 16. g5 Nd7 17. Bg2 Bf8 18. Rf3 g6 19. Rh3 Bg7 20. Qe1 Rb8 21. Qh4 Nf8 22. f5 exf5 23. Nd5 Qd8 24. Rf1 f4 25. Qxf4 Bxh3 26. Bxh3 Ne5 27. Nf6+ Kh8 28. Nd4 Re7 29. b3 b5 30. Ra1 Rc7 31. Bf1 Ne6 32. Nxe6 fxe6 33. axb5 axb5 34. Bh3 Qe7 35. Rf1 Rf8 36. Rf2 Rc3 37. Bf1 Rxe3 38. Qxe3 Bxf6 39. gxf6 Rxf6 40. Qg5 Kg7 41. Bxb5 Rf7 42. Qxe7 Rxe7 43. Kg2 Rc7 44. Bf1 Ng4 45. Re2 Rxc2 1/2-1/2

[Event "ESP-chT Autonomicas 5th"]
[Site "Tossa de Mar"]
[Date "2010.04.30"]
[Round "2.14"]
[White "Oms Pallisse, Josep"]
[Black "Suarez Pousa, Diego"]
[Result "1-0"]
[WhiteElo "2494"]
[BlackElo "2419"]
[PlyCount "153"]
[EventDate "2010.04.29"]
[EventType "team-swiss"]
[EventRounds "6"]
[EventCountry "ESP"]
[SourceTitle "CBM 136 Extra"]
[Source "ChessBase"]
[SourceDate "2010.07.02"]
[SourceVersion "2"]
[SourceVersionDate "2010.07.15"]
[SourceQuality "1"]
[WhiteTeam "Catalunya"]
[BlackTeam "Galicia"]
[WhiteTeamCountry "ESP"]
[BlackTeamCountry "ESP"]

1. d4 Nf6 2. c4 e6 3. Nf3 Bb4+ 4. Nbd2 0-0 5. a3 Be7 6. e4 d5 7. Qc2 b6 8. Bd3 h6 9. 0-0 c5 10. dxc5 bxc5 11. exd5 exd5 12. cxd5 Bb7 13. Ne4 Bxd5 14. Bf4 Nc6 15. Rad1 Nd4 16. Nxd4 cxd4 17. Ng3 Rc8 18. Qd2 Be6 19. Bb1 Qb6 20. Bxh6 Rc5 21. Bf4 a5 22. Bd3 Rfc8 23. Rfe1 a4 24. h3 Bd6 25. Bg5 Bxg3 26. Bxf6 gxf6 27. fxg3 Rg5 28. g4 Rcc5 29. Rf1 Kg7 30. Qf4 Bd7 31. Rf2 Rcd5 32. Rdf1 Bb5 33. Bxb5 Rxb5 34. Qxf6+ Qxf6 35. Rxf6 Rb7 36. Rd6 Rgb5 37. Rxd4 Rxb2 38. Rxa4 Ra2 39. g5 Rbb2 40. Rg4 Rxa3 41. Rgf4 Ra7 42. h4 Kg8 43. R1f2 Rxf2 44. Kxf2 Kg7 45. Kf3 Ra2 46. Rd4 Kg6 47. Rd6+ Kg7 48. Rf6 Ra3+ 49. Kg4 Ra7 50. Rf4 Kg6 51. g3 Kg7 52. h5 Kg8 53. h6 Ra6 54. Kh5 Ra3 55. Kh4 Ra6 56. g4 Ra1 57. g6 fxg6 58. Kg5 Ra6 59. Rf6 Ra4 60. Rxg6+ Kh7 61. Rg7+ Kh8 62. Rb7 Ra5+ 63. Kh4 Ra4 64. Kh5 Ra1 65. g5 Ra5 66. Rf7 Kg8 67. Rf6 Kh7 68. Rf4 Rb5 69. Kg4 Kg6 70. Rf6+ Kh7 71. Rf7+ Kg8 72. g6 Rb4+ 73. Kf3 Rb3+ 74. Kg4 Rb4+ 75. Kg5 Rb5+ 76. Rf5 Rb8 77. h7+ 1-0

[Event "Lille Luce op 1st"]
[Site "Lille"]
[Date "2010.04.04"]
[Round "2"]
[White "Suarez Pousa, Diego"]
[Black "Fontaine, Pierre"]
[Result "1-0"]
[WhiteElo "2419"]
[BlackElo "2068"]
[PlyCount "101"]
[EventDate "2010.04.03"]
[EventType "swiss"]
[EventRounds "9"]
[EventCountry "FRA"]
[SourceTitle "EXT 2011"]
[Source "ChessBase"]
[SourceDate "2010.11.26"]
[SourceVersion "1"]
[SourceVersionDate "2010.11.26"]
[SourceQuality "1"]

1. e4 c6 2. d4 d5 3. e5 Bf5 4. h4 h5 5. c4 e6 6. Nc3 dxc4 7. Bxc4 Nd7 8. Nge2 Nb6 9. Bb3 Qd7 10. a4 Nd5 11. Nxd5 exd5 12. Ng3 Bg4 13. f3 Be6 14. Bg5 f6 15. Bf4 0-0-0 16. Kf2 fxe5 17. Bxe5 Bd6 18. Re1 Nf6 19. Bc2 Qf7 20. Bxd6 Rxd6 21. Qd2 Nh7 22. Re5 g6 23. Qh6 Rg8 24. Rae1 Nf8 25. Qg5 Nh7 26. Qe3 Re8 27. Qh6 Nf8 28. b4 Kc7 29. R1e3 Bd7 30. Ne2 Rf6 31. Qg5 Ne6 32. Qg3 Kc8 33. b5 Ng7 34. Rc3 Nf5 35. Bxf5 Bxf5 36. a5 Rfe6 37. a6 Rxe5 38. dxe5 Qc7 39. axb7+ Kxb7 40. bxc6+ Kc8 41. f4 Qb6+ 42. Qe3 Kc7 43. Qxb6+ axb6 44. Nd4 Ra8 45. Nb5+ Kd8 46. Ke3 Bc8 47. Kd4 Ra5 48. c7+ Kd7 49. Nd6 b5 50. Nxc8 Kxc8 51. e6 1-0

[Event "Lille Luce op 1st"]
[Site "Lille"]
[Date "2010.04.03"]
[Round "1"]
[White "Lebon, Joffrey"]
[Black "Suarez Pousa, Diego"]
[Result "0-1"]
[WhiteElo "2015"]
[BlackElo "2419"]
[PlyCount "60"]
[EventDate "2010.04.03"]
[EventType "swiss"]
[EventRounds "9"]
[EventCountry "FRA"]
[SourceTitle "EXT 2011"]
[Source "ChessBase"]
[SourceDate "2010.11.26"]
[SourceVersion "1"]
[SourceVersionDate "2010.11.26"]
[SourceQuality "1"]

1. e4 e5 2. Nf3 Nc6 3. Bb5 a6 4. Bxc6 dxc6 5. 0-0 Be7 6. d4 exd4 7. Nxd4 Nf6 8. Nc3 0-0 9. Bf4 Re8 10. Nde2 Nh5 11. Qxd8 Bxd8 12. Be3 f5 13. f3 fxe4 14. Nxe4 Bf5 15. N2c3 Nf6 16. Rae1 Nd5 17. Bd2 Nb4 18. Rc1 Be7 19. a3 Nd5 20. g4 Bg6 21. f4 Nxc3 22. Nxc3 Bc5+ 23. Kg2 Rad8 24. Rfd1 Rd4 25. Kf3 Bf7 26. b4 Bb6 27. Na4 Bd5+ 28. Kg3 Re2 29. Bc3 Rxd1 30. Rxd1 Bf2+ 0-1

[Event "ESP-chT2 Gr1"]
[Site "Padron"]
[Date "2009.08.07"]
[Round "4"]
[White "Suarez Pousa, Diego"]
[Black "Garbisu de Goni, Unai"]
[Result "1/2-1/2"]
[WhiteElo "2412"]
[BlackElo "2467"]
[PlyCount "137"]
[EventDate "2009.08.05"]
[EventType "team-swiss"]
[EventRounds "6"]
[EventCountry "ESP"]
[SourceTitle "CBM 131 Extra"]
[Source "ChessBase"]
[SourceDate "2009.09.03"]
[SourceVersion "2"]
[SourceVersionDate "2009.09.16"]
[SourceQuality "1"]

1. e4 e5 2. Nf3 Nc6 3. Bb5 a6 4. Ba4 Nf6 5. d3 d6 6. c3 Bd7 7. Nbd2 g6 8. Nf1 Bg7 9. Ng3 0-0 10. 0-0 Re8 11. a3 h6 12. b4 d5 13. Qc2 Bg4 14. h3 Bxf3 15. gxf3 Nh7 16. Kh2 Bf6 17. Rg1 Bg5 18. exd5 Qxd5 19. Bxg5 Nxg5 20. Ne4 Kg7 21. Nxg5 hxg5 22. Rxg5 Qxf3 23. Rag1 Re6 24. R1g3 Qf4 25. Qe2 Rd8 26. R5g4 Qc1 27. Rh4 Ne7 28. Bb3 Nd5 29. Qh5 Nf6 30. Qf3 Re7 31. Qxb7 Qxc3 32. Bc4 Rd4 33. Rxd4 Qxd4 34. Qf3 e4 35. Qe3 Qd6 36. Qc5 Qd7 37. Bxa6 Re6 38. Bb5 Qd8 39. Bc4 Re7 40. a4 exd3 41. Rxd3 Rd7 42. Rf3 Rd4 43. a5 Ng4+ 44. Kg2 Nh6 45. Qe5+ f6 46. Qe6 Nf5 47. Rxf5 gxf5 48. a6 Rd6 49. Qxf5 Qa8+ 50. Kh2 Qa7 51. Qc5 Qxc5 52. bxc5 Rd1 53. Kg3 f5 54. Be6 Kf6 55. Bc8 Ra1 56. Bb7 Ra4 57. Kf3 Kg5 58. Ke3 Kf6 59. Kd3 Ke7 60. h4 c6 61. Bxc6 Rxa6 62. Bf3 Ra3+ 63. Ke2 Rc3 64. c6 Rc4 65. h5 Rh4 66. Kf1 Rc4 67. Ke2 Rh4 68. Kd3 Kd6 69. Ke2 1/2-1/2

[Event "Paris-ch int"]
[Site "Paris"]
[Date "2009.07.12"]
[Round "9"]
[White "Sethuraman, SP."]
[Black "Suarez Pousa, Diego"]
[Result "1/2-1/2"]
[WhiteElo "2455"]
[BlackElo "2412"]
[PlyCount "95"]
[EventDate "2009.07.04"]
[EventType "swiss"]
[EventRounds "9"]
[EventCountry "FRA"]
[SourceTitle "CBM 131 Extra"]
[Source "ChessBase"]
[SourceDate "2009.09.03"]
[SourceVersion "2"]
[SourceVersionDate "2009.09.16"]
[SourceQuality "1"]

1. e4 e5 2. Nf3 Nc6 3. Bb5 a6 4. Ba4 Nf6 5. 0-0 b5 6. Bb3 Bc5 7. a4 Rb8 8. c3 0-0 9. d4 Bb6 10. dxe5 Ng4 11. Bf4 Qe8 12. a5 Nxa5 13. Rxa5 Bxa5 14. h3 Nh6 15. Qd2 Rb6 16. Be3 Bb7 17. Bd5 Bxd5 18. Bxb6 Bxb6 19. exd5 f6 20. exf6 Rxf6 21. Re1 Qf7 22. Qd3 Rf5 23. d6 c6 24. Re7 Qd5 25. Qxd5+ Rxd5 26. Ne5 Rd1+ 27. Kh2 g6 28. Re8+ Kg7 29. Re7+ Kg8 30. Rxd7 Nf5 31. g4 Nxd6 32. Na3 Rd2 33. Kh1 Bxf2 34. Nf3 Rd5 35. Rc7 c5 36. Kg2 Be3 37. Rd7 Bc1 38. Nc2 a5 39. b3 Bf4 40. Na3 b4 41. Nb5 c4 42. Nc7 Rd1 43. Ne8 bxc3 44. Nf6+ Kf8 45. Nxh7+ Ke8 46. Nf6+ Kf8 47. Nh7+ Ke8 48. Nf6+ 1/2-1/2

[Event "ESP-chT Autonomicas 4th"]
[Site "Villava"]
[Date "2009.05.01"]
[Round "3"]
[White "Suarez Pousa, Diego"]
[Black "Garza Marco, Sergio"]
[Result "0-1"]
[WhiteElo "2431"]
[BlackElo "2417"]
[PlyCount "88"]
[EventDate "2009.04.30"]
[EventType "team-tourn"]
[EventRounds "6"]
[EventCountry "ESP"]
[SourceTitle "CBM 130 Extra"]
[Source "ChessBase"]
[SourceDate "2009.07.02"]
[SourceVersion "2"]
[SourceVersionDate "2009.07.15"]
[SourceQuality "1"]

1. e4 c5 2. Nc3 d6 3. Nf3 Nf6 4. d4 cxd4 5. Nxd4 g6 6. Be3 Bg7 7. f3 0-0 8. Bc4 Nc6 9. Qd2 Bd7 10. Bb3 Nxd4 11. Bxd4 b5 12. 0-0 a5 13. a3 Rb8 14. Rfd1 Bc6 15. Ne2 Qc7 16. Kh1 Ra8 17. Rac1 Rfb8 18. Qg5 Qb7 19. Nc3 b4 20. axb4 axb4 21. Nd5 Bxd5 22. Bxd5 Nxd5 23. exd5 Ra5 24. Bxg7 Kxg7 25. Rd4 e5 26. Rh4 f6 27. Qh6+ Kg8 28. Rd1 Rba8 29. h3 Ra1 30. Rxa1 Rxa1+ 31. Kh2 Rd1 32. Qe3 f5 33. Rc4 f4 34. Qe2 Rxd5 35. c3 bxc3 36. bxc3 Ra5 37. Rb4 Qd5 38. c4 Qd4 39. Rb8+ Kf7 40. Rb7+ Ke6 41. Rxh7 Ra1 42. h4 Qg1+ 43. Kh3 Qh1+ 44. Kg4 Rf1 0-1

[Event "San Sebastian op 32nd"]
[Site "San Sebastian"]
[Date "2009.04.12"]
[Round "9"]
[White "Suarez Pousa, Diego"]
[Black "Vogel, Jaap"]
[Result "1-0"]
[WhiteElo "2431"]
[BlackElo "2234"]
[PlyCount "43"]
[EventDate "2009.04.04"]
[EventType "swiss"]
[EventRounds "9"]
[EventCountry "ESP"]
[SourceTitle "CBM 129 Extra"]
[Source "ChessBase"]
[SourceDate "2009.05.05"]
[SourceVersion "2"]
[SourceVersionDate "2009.05.20"]
[SourceQuality "1"]

1. e4 e6 2. d4 d5 3. Nc3 Bb4 4. exd5 exd5 5. Bd3 c5 6. dxc5 Nc6 7. Nge2 Nf6 8. 0-0 Bxc5 9. Bg5 Be7 10. Nf4 d4 11. Bxf6 Bxf6 12. Re1+ Kf8 13. Ncd5 h5 14. Nxf6 Qxf6 15. Qf3 Bg4 16. Qg3 Rh6 17. f3 Bd7 18. h4 Nb4 19. Re2 Rc8 20. Rae1 Qd6 21. Re6 Rxe6 22. Nxe6+ 1-0

[Event "San Sebastian op 32nd"]
[Site "San Sebastian"]
[Date "2009.04.07"]
[Round "4"]
[White "Santos Latasa, Jaime"]
[Black "Suarez Pousa, Diego"]
[Result "1-0"]
[WhiteElo "2155"]
[BlackElo "2431"]
[PlyCount "99"]
[EventDate "2009.04.04"]
[EventType "swiss"]
[EventRounds "9"]
[EventCountry "ESP"]
[SourceTitle "CBM 129 Extra"]
[Source "ChessBase"]
[SourceDate "2009.05.05"]
[SourceVersion "2"]
[SourceVersionDate "2009.05.20"]
[SourceQuality "1"]

1. d4 Nf6 2. c4 e6 3. Nc3 Bb4 4. Qc2 0-0 5. a3 Bxc3+ 6. Qxc3 Ne4 7. Qc2 d5 8. e3 b6 9. Bd3 Bb7 10. Ne2 Nd7 11. f3 Nef6 12. cxd5 exd5 13. b3 c5 14. Bd2 Rc8 15. Qb2 Re8 16. Kf2 Qe7 17. Rhe1 a5 18. Rac1 Nh5 19. g4 Qh4+ 20. Kg2 Nhf6 21. Ng3 g6 22. Re2 c4 23. Bb1 cxb3 24. Qxb3 Rxc1 25. Bxc1 Ba6 26. Bd3 Bxd3 27. Qxd3 h5 28. h3 Kg7 29. Re1 Rc8 30. Bd2 Nf8 31. Rh1 Ne6 32. Be1 Qg5 33. h4 Qf4 34. Bd2 Qd6 35. g5 Ng8 36. f4 Ne7 37. Rf1 Kg8 38. f5 Ng7 39. e4 Ne8 40. e5 Qc7 41. f6 Qc2 42. Qe3 Nc6 43. Rc1 Qb2 44. e6 Nd6 45. exf7+ Kxf7 46. Rxc6 Re8 47. Rc7+ Kf8 48. Qf4 Re6 49. Rd7 Qxa3 50. f7 1-0

[Event "Mondariz Balneario GM"]
[Site "Mondariz"]
[Date "2008.01.05"]
[Round "9"]
[White "Vega Gutierrez, Sabrina Neide"]
[Black "Suarez Pousa, Diego"]
[Result "1/2-1/2"]
[WhiteElo "2331"]
[BlackElo "2406"]
[PlyCount "151"]
[EventDate "2007.12.26"]
[EventType "tourn"]
[EventRounds "9"]
[EventCountry "ESP"]
[EventCategory "9"]
[SourceTitle "CBM 122 Extra"]
[Source "ChessBase"]
[SourceDate "2008.03.04"]
[SourceVersion "1"]
[SourceVersionDate "2008.03.04"]
[SourceQuality "1"]

1. e4 e5 2. Nf3 d6 3. d4 Nd7 4. Bc4 c6 5. 0-0 Be7 6. dxe5 dxe5 7. Ng5 Nh6 8. Ne6 fxe6 9. Bxh6 Nb6 10. Qh5+ g6 11. Qe2 Qd4 12. Bb3 Qxb2 13. Nd2 Bf8 14. Bxf8 Rxf8 15. a4 a5 16. Qe3 Qd4 17. Qg5 Qd8 18. Qxe5 Kf7 19. Nf3 Qf6 20. Qc7+ Nd7 21. Rad1 Qe7 22. Ne5+ Nxe5 23. Qxe5 Qf6 24. f4 Re8 25. Qc5 Kg7 26. Rd6 Qb2 27. e5 Rf8 28. Rdd1 b6 29. Qxc6 Ra7 30. Qxb6 Rff7 31. Qc5 Rac7 32. Qxa5 Bb7 33. Qd2 Be4 34. Qd4 Qxd4+ 35. Rxd4 Bxc2 36. Bxe6 Rfe7 37. Bg4 Ra7 38. Ra1 g5 39. g3 gxf4 40. gxf4 Kf8 41. Bd1 Bf5 42. Rc1 Rg7+ 43. Kf2 Rab7 44. Rd8+ Ke7 45. Rd6 Rg8 46. Ke3 Rg1 47. a5 Re1+ 48. Kf2 Rh1 49. a6 Rb2+ 50. Ke3 Re1+ 51. Kd4 Re4+ 52. Kc5 Bd7 53. Kd5 Rxf4 54. a7 Rd2+ 55. Kc5 Ra2 56. Bb3 Ra5+ 57. Kb6 Ra3 58. Bc4 Rf8 59. Bb5 Bxb5 60. Rc7+ Ke8 61. Kxb5 Rf1 62. Rb7 Rfa1 63. Kb6 R3a2 64. e6 Ra6+ 65. Kc5 R1a5+ 66. Rb5 Rxa7 67. Rdb6 Ra2 68. Kd6 Rd2+ 69. Rd5 Rxd5+ 70. Kxd5 Ke7 71. Rb5 Kf6 72. Rb1 Ra5+ 73. Kd6 Ra6+ 74. Kd7 Ra7+ 75. Kd6 Ra6+ 76. Kd7 1/2-1/2

[Event "ESP-chT CECLUB Norte Div 1"]
[Site "Sabadell"]
[Date "2007.08.15"]
[Round "1"]
[White "Suarez Pousa, Diego"]
[Black "Flores, Diego"]
[Result "0-1"]
[WhiteElo "2418"]
[BlackElo "2560"]
[PlyCount "102"]
[EventDate "2007.08.15"]
[EventType "team"]
[EventRounds "6"]
[EventCountry "ESP"]
[SourceTitle "CBM 119 Extra"]
[Source "ChessBase"]
[SourceDate "2007.09.04"]
[SourceVersion "1"]
[SourceVersionDate "2007.09.04"]
[SourceQuality "1"]

1. e4 c5 2. Nc3 e6 3. Nf3 a6 4. d4 cxd4 5. Nxd4 b5 6. g3 Bb7 7. Bg2 b4 8. Na4 Nf6 9. 0-0 Bxe4 10. Bxe4 Nxe4 11. Re1 d5 12. c4 bxc3 13. Nxe6 fxe6 14. Qh5+ g6 15. Qe5 Qf6 16. Rxe4 Qxe5 17. Rxe5 Kf7 18. Re3 Bg7 19. Rf3+ Ke8 20. bxc3 Nd7 21. Rb1 Rc8 22. Rb7 Rf8 23. Re3 Rc6 24. Ba3 Rf5 25. Nc5 Nxc5 26. Rxg7 Rf7 27. Rg8+ Kd7 28. Bxc5 Rxc5 29. Ra8 Rc6 30. Kf1 Kd6 31. h4 Rfc7 32. Ke2 Rxc3 33. Rxc3 Rxc3 34. Rxa6+ Ke5 35. Ra7 Rc2+ 36. Kf3 h6 37. a4 g5 38. h5 g4+ 39. Kg2 d4 40. a5 Ra2 41. a6 Ke4 42. Ra8 e5 43. Rg8 Kd3 44. Rxg4 e4 45. a7 Rxa7 46. Rg6 Ke2 47. Re6 e3 48. Rxh6 Ra2 49. Rd6 Ke1 50. Rxd4 exf2 51. Re4+ Re2 0-1

[Event "Arctic Chess Challenge"]
[Site "Tromsoe"]
[Date "2007.08.10"]
[Round "7"]
[White "Jorgensen, Line Jin"]
[Black "Suarez Pousa, Diego"]
[Result "0-1"]
[WhiteElo "1851"]
[BlackElo "2418"]
[PlyCount "108"]
[EventDate "2007.08.04"]
[EventType "swiss"]
[EventRounds "9"]
[EventCountry "NOR"]
[SourceTitle "CBM 119 Extra"]
[Source "ChessBase"]
[SourceDate "2007.09.04"]
[SourceVersion "1"]
[SourceVersionDate "2007.09.04"]
[SourceQuality "1"]

1. e4 e5 2. Nf3 Nc6 3. Bc4 Bc5 4. 0-0 d6 5. h3 Nf6 6. d3 0-0 7. Bg5 Na5 8. Bb3 h6 9. Be3 Nxb3 10. axb3 Re8 11. Bxc5 dxc5 12. Nc3 a5 13. Nd2 Nh7 14. Kh2 Qh4 15. Nd5 Qd8 16. Nf3 Nf8 17. Qd2 b6 18. Ne3 Ng6 19. g3 Be6 20. Kg2 Qf6 21. Rh1 Rad8 22. Qc3 Qe7 23. Nc4 f6 24. Ne3 Qd7 25. Nd2 Ne7 26. Nf3 Nc6 27. Qe1 Kh7 28. Rd1 Rf8 29. Rd2 Rde8 30. Qf1 Nd4 31. Qd1 g6 32. Nxd4 cxd4 33. Nc4 b5 34. Nxa5 f5 35. f3 Re7 36. c3 c5 37. exf5 gxf5 38. Kh2 Rg7 39. Rg1 Rfg8 40. Re2 Qc7 41. b4 e4 42. f4 c4 43. dxe4 d3 44. Re3 Qb6 45. Qe1 fxe4 46. Rxe4 Bd5 47. Rd4 Ba8 48. b3 Qf6 49. Qd1 Re8 50. Rxd3 cxd3 51. Qxd3+ Kh8 52. Rf1 Rge7 53. Rf2 Re1 54. Rf1 R8e2+ 0-1